01277njm a2200277Ia 450000100060000000300090000600500170001500800410003204000130007304000130008604100130009910000220011210000180013410000380015224500230019025000110021326000090022426000630023330000170029630000290031350000280034250504180037065000590078870000860084770000660093325958IT-RoPAU20220918181142.0131025s9999 xx 000 0 und d aIT-RoPAU cIT-RoPAU aITALIANO aCelentano Adriano eAutore musica gCodice autore musica SPICS: 10821 aMiei americani (I) a1a ed. aROMA bSPICS RECORDSc1985 [1a Ed.:1984 - Ed. Lingua Orig.: 1984] aMUSICASSETTA c39 minuti (Testo: pag.) aCanzone italiana. Cover aIl contadino (Hold On I'm Coming) - Michelle (Michelle) - Bisogna far qualcosa (These Boots Are Made For Walkin') - Sono un fallito (Busted) - Fumo negli occhi (Smoke Gets In Your Eyes) - Maledetta televisione (That's All Right, Mama) - Susanna (Susanna) - Questo vecchio pazzo mondo (Eve of Destruction) - Il cantante folle (The Great Pretender) - Cara baby (Happy Baby) - Sei il mio destino (You Are My Destiny) aCANZONE ITALIAN [CASSETTE]eCodice MATERIA SPICS: 9951 aCelentano AdrianoeAutore testo e musicagCodice autore testo/musica SPICS: 10821 aCelentano AdrianogCodice interprete SPICS: 10821eInterprete